| 000 -LEADER |
| fixed length control field |
00529nam a22001217a 4500 |
| 040 ## - CATALOGING SOURCE |
| Transcribing agency |
VONG PHANNITH ,RUA |
| 082 ## - DEWEY DECIMAL CLASSIFICATION NUMBER |
| Classification number |
MGR CHO 2025 B707 Or.1 |
| 100 ## - MAIN ENTRY--AUTHOR NAME |
| Personal name |
CHOUB , VIREAK / ជួប វីរៈ |
| 245 ## - TITLE STATEMENT |
| Title |
Assessment of pesticide application by farmer on rice, ការវាយតម្លៃនៃការប្រើប្រាស់ថ្នាំកសិកម្មរបស់កសិករលើដំណាំស្រូវ |
| 260 ## - PUBLICATION, DISTRIBUTION, ETC. (IMPRINT) |
| Place of publication |
PHNOM PENH |
| Name of publisher |
RUA |
| Year of publication |
2025 |
| 300 ## - PHYSICAL DESCRIPTION |
| Number of Pages |
x, 66p. |
| Other physical details |
ill. |
| Dimensions |
29cm. |
| 942 ## - ADDED ENTRY ELEMENTS (KOHA) |
| Koha item type |
MGR |
| 952 ## - LOCATION AND ITEM INFORMATION (KOHA) |
| Withdrawn status [LOCAL, KOHA] |
0 |
| 952 ## - LOCATION AND ITEM INFORMATION (KOHA) |
| Withdrawn status [LOCAL, KOHA] |
0 |